=LDR 00000nam 2200000 4500 =001 INLIS000000000032900 =005 20130612134902 =008 ***********************************Ind** =035 ##$$0010-061300000032900 =041 ##$$a Ind =082 ##$$a 028.55 =090 ##$$a 028.55, Adi a =100 ##$$a Adiningsih, Neni Utami =245 ##$$a Aku tidak takut hantu, Neni Utami Adiningsih =260 ##$$a 2010 $b Bandung =300 ##$$a 21 hlm, ilus, 21 cm =650 ##$$a Bacaan anak-anak =850 ##$$a NBPNMAT